| 000 | 00771nam a2200217 a 4500 | ||
|---|---|---|---|
| 001 | 000021885 | ||
| 005 | 20200930011505.0 | ||
| 008 | 100914s1999 cu 000 p spa d | ||
| 020 | _a9591004699 | ||
| 040 |
_aDO-SdBNP _bspa _cBNPHU |
||
| 082 |
_aCu861.4 _bP153i |
||
| 245 | 0 | 4 |
_aLas palabras son islas : _bpanorama de la poesía cubana siglo XX (1900-1989 / _cSelección, introducción, notas y bibliografía Jorge Luis Arcos. |
| 260 |
_aLa Habana : _bLetras Cubanas, _c1999. |
||
| 300 |
_a645 p. ; _c24 cm. |
||
| 504 | _aBibliografía: p. 595-628 | ||
| 590 | _aInventariado, 2019/MFF | ||
| 650 | 4 |
_aPoesía cubana _ySIGLO XX _99139 |
|
| 650 | 4 |
_aLiteratura cubana _y1900-1998 _945429 |
|
| 700 | 1 |
_aArcos, Jorge Luis _924272 |
|
| 910 | _aValidado. Control de calidad MFF | ||
| 999 |
_c21383 _d21383 |
||